| 000 | 00434nam a2200169Ia 4500 | ||
|---|---|---|---|
| 008 | 230917s9999||||xx |||||||||||||| ||und|| | ||
| 020 | _cGBP32.99 | ||
| 040 |
_e224732 _aMAIN |
||
| 041 | _aEnglish | ||
| 082 | _a338.4791 F36E(4) | ||
| 100 | _aFennell, David A | ||
| 245 | 0 | _aEcotourism | |
| 260 |
_aLondon _bRoutledge _c2015 |
||
| 300 | _axviii, 336 p. | ||
| 500 | _a1959 06/02/2015 APD1012674 09/02/2015 Main Budget | ||
| 942 | _cBK | ||
| 999 |
_c14629 _d14629 |
||